000 01542nam a22002297a 4500
999 _c61557
_d61557
005 20240325133707.0
008 240325c2001 ge ||||| |||| 00| 0 geo d
022 _a1512-0597
041 _ageo
245 _aანტიკური ხანის კოლხეთის არქეოლოგიის საკითხები = Essays on the Archaeology of Colchis in the Classilal :
_bდამატებანი N 4. 2001. ეძღვნება პროფ. ოთარ ლორთქიფანიძის დაბადებიდან 70 წლისთავს / /
_c რედაქტორები : დარეჯან კაჭარავა, გურამ კვირკველია, ვახტანგ ლიჩელი.
260 _aთბილისი,
_c 2001.
300 _aV.
653 _aანტიკური ხანის კოლხეთის არქეოლოგიის საკითხები
653 _aპერიოდიკა
653 _aისტორია
653 _aლორთქიფანიძე, ოთარ.
700 _aკაჭარავა, დარეჯან
_eრედაქტორი
_918309
700 _aკვირკველია, გურამ
_eრედაქტორი
_921565
700 _aლიჩელი, ვახტანგ
_eრედაქტორი
_918277
710 _aარქეოლოგიური კვლევის ცენტრი
_921566
942 _2udc
_cCR